Carbon stocks in different carbon pools of a tropical lowland forest and a montane forest with varying topography (Record no. 55188)

MARC details
000 -LEADER
fixed length control field 00547nam a2200181Ia 4500
100 ## - MAIN ENTRY--AUTHOR NAME
Personal name Jeyanny V
245 #0 - TITLE STATEMENT
Title Carbon stocks in different carbon pools of a tropical lowland forest and a montane forest with varying topography
260 ## - PUBLICATION, DISTRIBUTION, ETC. (IMPRINT)
Name of publisher Journal of Tropical Forest Science
Year of publication 2014
300 ## - PHYSICAL DESCRIPTION
Number of Pages 560-571
650 ## - SUBJECT ADDED ENTRY--TOPICAL TERM
Topical Term Biomass
650 ## - SUBJECT ADDED ENTRY--TOPICAL TERM
Topical Term Carbon storage
650 ## - SUBJECT ADDED ENTRY--TOPICAL TERM
Topical Term Components
650 ## - SUBJECT ADDED ENTRY--TOPICAL TERM
Topical Term Elevation
650 ## - SUBJECT ADDED ENTRY--TOPICAL TERM
Topical Term Temperature
650 ## - SUBJECT ADDED ENTRY--TOPICAL TERM
Topical Term Topographical diversity
942 ## - ADDED ENTRY ELEMENTS (KOHA)
Koha item type Journals
Holdings
Withdrawn status Lost status Damaged status Not for loan Home library Current library Shelving location Date acquired Serial Enumeration / chronology Koha item type
      Journals RRII Library RRII Library Climate change 03/12/2014 Volume 26, Issue 4 Journals